Estatísticas para Vietnã

Clique aqui para jogar o quiz

Estatísticas Gerais

  • Esse quiz foi jogado 13 vezes
  • A pontuação média é 5 de 12

Estatísticas das Respostas

HintResposta% Correto
Onde fica?Ásia
100%
Qual é a sua capital?Hanói
100%
Qual é a sua religião?Budismo
70%
De que país é independente?França
70%
Qual é o seu idioma?Vietnamita
70%
Qual é a cidade mais populosa?Ho Chi Minh
20%
Qual é o seu ponto mais alto?Ho Chi Minh
20%
Que traje típico do país é usado em ocasiões especiais?Áo dài
0%
Qual é o desporto nacional do país?Artes marciais
0%
Qual é o prato típico do país?Bún riêu
0%
Como se chama a sopa típica do país?Pho
0%
Qual é o feriado e festival mais importante e popular do país?Tết
0%

Distribuição das Pontuações

Percentil de Números Respondidos

Porcentagem de Pessoas com Cada Pontuação

Sua Pontuação Histórica

Você não jogou esse quiz